000 02143nam a2200385 c 4500
003 BLK
005 20250630093205.0
008 180409b bul|||||r ||||||| ||bul||
010 _aKNG00135214000
020 _a978-954-26-1108-0
_bиздат.: Хермес
040 _aBLK
041 _aBUL
_cBUL
072 7 _2bullib
_aН83
_xЧужда художествена литература Н
080 _aАржентинска литература
_b821.134.2(82)
_x-322.6
_z821.134.2(82)-322.6
080 _aИндивидуална психология. Психология на личността. Индивидуалност. Психология на характера. Характерология. Психологическа типология
_b159.923
_x(02.062)
_z159.923(02.062)
100 1 _aБукай, Хорхе
_eпърви автор
_9277477
700 1 _aКитипова, Мариана Георгиева
_eпрев.
_9367953
700 1 _aКитипова-Пеловска, Мариана Георгиева
_e*
_9321736
700 1 _aТофтисова, Ева Младенова
_eпрев.
_9372686
139 _aБукай, Хорхе
_bБ 85
245 1 0 _aПътят на сълзите
_cХорхе Букай; прев. Мариана Георгиева Китипова; * Мариана Георгиева Китипова-Пеловска; прев. Ева Младенова Тофтисова.
257 _aARG
260 София
_bХермес
_c2012
_fКостинброд : Мултипринт
300 _a288 с.
_c18 см
380 _aX
490 1 _aСерия Листа по пътя
500 _aОриг. загл. El camino de las Lagrimas / Jorge Bucay. - Пълното име на първия прев. - Мариана Георгиева Китипова-Пеловска. - Библиогр. с. 284-286.
659 _aН
852 _aЦб І 34504
856 4 _qpdf
_u
856 4 _qpdf
_u
942 _cKNG
_n0
_032
944 _aCR
_c18.10.2012
_lСевдалина Тодорова
_k30540
944 _aED
_c27.03.2017
_lф /
_kЛюдмила_Стоянова
999 _c129477
_d129477